Responses for Show #6116 - Monday, March 28, 2011

Contestants

[<< previous game]

Denise O'Connor, a health care attorney from Oak Ridge, New Jersey

Trey McCraw, an aspiring novelist from Maiden, North Carolina

Julie Ross Godar, an online managing editor from San Francisco, California (whose 1-day cash winnings total $15,801)

[next game >>]

Jeopardy! Round responses

D-DAY
LET'S DO "UNCH"
AUSTRIANS
THE U.S. BOARD ON GEOGRAPHIC NAMES
SOUNDS GEOMETRIC
CHEVY CHASE ON SNL
(Chevy Chase: I'm Chevy Chase, and you're not going to read five clues about my work on Saturday Night Live. I am.)
    $200 7
Canada

Trey
    $200 10
brunch

Julie
    $200 26
Schwarzenegger

Trey
    $200 21
an apostrophe

Julie
    $200 6
a circular file

Trey
    $200 1
(Denise: Who is Mussolini?)

Franco

JulieDenise
    $400 8
weather

Trey
    $400 11
crunch

Julie
    $400 27
Freud

Denise
    $400 22
(Alex: Correct, with less than a minute to go.)

Springfield

Denise
    $400 17
(Julie: What is the [**]?)
[Originally ruled incorrect; reversed before the Daily Double at clue 20]

a square meal (food pyramid)

Julie
    $400 2
Gerald Ford

Trey
    $600 9
Panzers

Denise
    $600 12
the munchies

Julie
    $600 28
[The end-of-round signal sounds.]

(Wolfgang) Puck

Julie
    $600 23
the Gulf of Mexico

Denise
    $600 18
the parallel bars

Denise
    $600 3
John Belushi

Denise
    $800 15
batteries

Triple Stumper
    $800 13
a hunch

Denise
    $800 24
(Mt.) McKinley

Julie
    $800 19
acute

Julie
    $800 4
the Land Shark

Denise
    $1000 16
(Trey: What is the day of days?)

the longest day

Trey
Triple Stumper
    $1000 14
(Ralph) Bunche

Trey
    $1000 25
caves

Denise
    $1,400 20
triangulation

Julie
    $1000 5
your uvula

Julie

Scores at the first commercial break (after clue 13):

Julie Trey Denise
$2,400 $1,200 $2,600

Scores at the end of the Jeopardy! Round:

Julie Trey Denise
$6,600 $1,400 $5,600

Double Jeopardy! Round responses

"E" DAY
HERBS & SPICE GIRLS
BALLET
IT'S A DOGGY DOG WORLD
20th CENTURY NOVELS
ELEMENT, SPEL-EMENT
(Alex: We'll give you elements as part of the clue. Each element, of course, is represented by a symbol. You have to put the symbols together to spell the correct response.)
    $400 12
Election Day

Julie
    $400 2
Ginger Spice

Trey
    $400 26
the Bolshoi

Trey
    $400 1
Pekingese

Denise
    $400 7
Poland

Trey
    $400 21
U P O N

Triple Stumper
    $800 13
Emancipation Day

Denise
    $800 3
Herb Alpert

Julie
    $800 17
(Julie: What is a chihuahua?)

a Mexican hairless dog

JulieDenise
    $800 8
Finnegans Wake

Julie
    $800 22
(Alex: Less than a minute now.)

B Al K

Trey
    $5,500 14
Earth Day

Denise
    $1200 4
WKRP in Cincinnati

Denise
    $1200 18
Keeshond

Triple Stumper
    $1200 9
Nero Wolfe

Julie
    $1200 23
S Ag

Julie
    $1600 15
Education

Julie
    $1600 5
"Wannabe"

Triple Stumper
    $1600 27
[The end-of-round signal sounds.]

(Robert) Joffrey

Trey
    $1600 19
labradoodles

Denise
    $1600 10
(Wally) Lamb

Julie
    $1600 24
Na Y

Trey
    $2000 16
Empire Day

Trey
    $2000 6
Peaches & Herb

Julie
    $2000 20
a Newfoundland

Trey
    $2000 11
The Boys from Brazil

Triple Stumper
    $2000 25
Sn I F F

Julie

Scores at the end of the Double Jeopardy! Round:

Julie Trey Denise
$17,400 $10,600 $15,900

[wagering suggestions for these scores]

Final Jeopardy! Round responses

SPORTS IN AMERICA
TreyWhat is Williamsport
$10,400
DeniseWhat is Williamsport?
$15,800
JulieWhat is Hyannis Sport?
$14,401
Williamsport

Final scores:

Julie Trey Denise
$2,999 $21,000 $31,700
3rd place: $1,000 2nd place: $2,000 New champion: $31,700

Game dynamics:

Coryat scores:

Julie Trey Denise
$17,000 $10,600 $11,600
20 R
(including 1 DD),
1 W
14 R,
1 W
15 R
(including 1 DD),
1 W

Combined Coryat: $39,200

[game clues] [game scores] [suggest correction]

Game tape date: 2010-11-17
The J! Archive is created by fans, for fans. Scraping, republication, monetization, and malicious use prohibited; this site may use cookies and collect identifying information. See terms. The Jeopardy! game show and all elements thereof, including but not limited to copyright and trademark thereto, are the property of Jeopardy Productions, Inc. and are protected under law. This website is not affiliated with, sponsored by, or operated by Jeopardy Productions, Inc. Join the discussion at JBoard.tv.